[Event "Mechanics' Alan Benson TNM; G/2"]
[Site "San Francisco"]
[Date "2016.09.13"]
[Round "7.29"]
[White "Allen, Tom Carter"]
[Black "Chan, John"]
[Result "1-0"]
[WhiteElo "1410"]
[BlackElo "1583"]
[PlyCount "75"]
[EventDate "2016.??.??"]

1. e4 e6 2. d4 d5 3. Nd2 Nf6 4. e5 Nfd7 5. Bd3 c5 6. c3 c4 7. Bc2 Nc6 8. Ngf3
h6 9. O-O Ne7 10. Re1 g6 11. Nf1 Bg7 12. Ne3 b5 13. b3 a5 14. Ba3 Nf8 15. Bxe7
Qxe7 16. bxc4 bxc4 17. Nd2 h5 18. a4 Nh7 19. Nb1 Qh4 20. Na3 O-O 21. Nb5 Qg5
22. g3 f5 23. exf6 Nxf6 24. Ng2 Ng4 25. f4 Qh6 26. Nd6 Bd7 27. Nh4 e5 28. Nxg6
Rf6 29. Nf5 Bxf5 30. Ne7+ Kf7 31. Nxf5 Rxf5 32. Bxf5 e4 33. Bxg4 hxg4 34. Qxg4
Rg8 35. Qd7+ Kg6 36. Qxd5 Rh8 37. Qxe4+ Kh5 38. Qf5+ 1-0

[Event "Mechanics' Summer TNM; G/2"]
[Site "San Francisco"]
[Date "2016.06.21"]
[Round "5.42"]
[White "Allen, Tom Carter"]
[Black "Cowgill, Jackie"]
[Result "0-1"]
[WhiteElo "1443"]
[BlackElo "964"]
[PlyCount "28"]
[EventDate "2016.??.??"]

1. e4 e5 2. d4 exd4 3. c3 d5 4. exd5 Qxd5 5. Nf3 Nc6 6. cxd4 Bd7 7. Nc3 Qe6+ 8.
Be2 O-O-O 9. d5 Qg4 10. O-O Qg6 11. dxc6 Bxc6 12. Qb3 f6 13. Be3 b6 14. Nd4 $4
Qxg2# 0-1

[Event "Mechanics' Winter TNM; G/2"]
[Site "San Francisco"]
[Date "2016.02.23"]
[Round "8.43"]
[White "Allen, Tom Carter"]
[Black "Enkh, Tergelsar"]
[Result "1-0"]
[WhiteElo "1485"]
[BlackElo "1038"]
[PlyCount "35"]
[EventDate "2016.??.??"]

1. e4 e5 2. Nf3 Nc6 3. d4 exd4 4. c3 dxc3 5. Bc4 Nf6 6. e5 Ng4 7. Bxf7+ Kxf7 8.
Ng5+ Ke8 9. Qxg4 d6 10. Qc4 Nxe5 11. Qxc3 Be7 12. Nf3 Nxf3+ 13. Qxf3 Rf8 14.
Qe3 Rf6 15. O-O Rg6 16. Nc3 Qd7 17. Nd5 Qh3 18. Qxe7# 1-0

[Event "Mechanics' Summer TNM; G/2"]
[Site "San Francisco"]
[Date "2016.06.07"]
[Round "3.26"]
[White "Allen, Tom Carter"]
[Black "Kim, Isiah"]
[Result "0-1"]
[WhiteElo "1443"]
[BlackElo "1836"]
[PlyCount "49"]
[EventDate "2016.??.??"]

1. e4 c6 2. Nf3 d5 3. Nc3 Nf6 4. exd5 cxd5 5. d4 Bg4 6. h3 Bh5 7. g4 Bg6 8.
Bb5+ Nc6 9. Ne5 Rc8 10. Nxg6 hxg6 11. Qf3 e6 12. Bf4 Qb6 13. O-O-O Bb4 14.
Bxc6+ Qxc6 15. Rd3 Ne4 16. Bd2 Qc4 17. a3 Bxc3 18. Bxc3 Qa2 19. Kd1 {
Diagram [#]} Nxf2+ $1 20. Qxf2 Qa1+ 21. Ke2 Qxh1 22. Qg3 Qc1 23. Rd2 Qb1 24.
Rd3 a5 25. Kd2 0-1

[Event "Mechanics' Winter TNM; G/2"]
[Site "San Francisco"]
[Date "2016.01.12"]
[Round "2.24"]
[White "Allen, Tom Carter"]
[Black "Maser, Thomas F"]
[Result "0-1"]
[WhiteElo "1485"]
[BlackElo "1944"]
[PlyCount "52"]
[EventDate "2016.??.??"]

1. e4 e5 2. Nf3 Nc6 3. d4 exd4 4. c3 d5 5. exd5 Qxd5 6. cxd4 Bg4 7. Be2 Bb4+ 8.
Nc3 Nf6 9. O-O Bxc3 10. bxc3 O-O 11. c4 Qd6 12. a4 Rfe8 13. Ba3 Qf4 14. Ra2
Bxf3 15. Bxf3 Nxd4 16. Bc1 Nxf3+ 17. gxf3 Qh4 18. Qb3 b6 19. Qb5 Qh3 20. Qc6
Rad8 21. Qxc7 Qxf3 22. Ra3 Qh5 23. Re3 Rd1 24. Rxe8+ Nxe8 25. Qb8 Qg4+ 26. Qg3
Rxf1+ 0-1

[Event "Mechanics' Spring TNM; G/2"]
[Site "San Francisco"]
[Date "2016.04.12"]
[Round "5.27"]
[White "Allen, Tom Carter"]
[Black "Newey, Richard H"]
[Result "0-1"]
[WhiteElo "1486"]
[BlackElo "1819"]
[PlyCount "40"]
[EventDate "2016.??.??"]

1. e4 c5 2. d4 cxd4 3. c3 dxc3 4. Nxc3 Nc6 5. Nf3 d6 6. Bc4 a6 7. O-O Nf6 8.
Qe2 Bg4 9. Rd1 Qc7 10. Bg5 e6 11. Bf4 Nh5 12. Qe3 Nxf4 13. Qxf4 Bxf3 14. gxf3
Be7 15. Rac1 h6 16. Bb3 Bg5 17. Qg4 Bxc1 18. Qxg7 O-O-O 19. Bxe6+ fxe6 20.
Qxc7+ Kxc7 0-1

[Event "Mechanics' Summer TNM; G/2"]
[Site "San Francisco"]
[Date "2016.06.28"]
[Round "6.44"]
[White "Allen, Tom Carter"]
[Black "Otterbach, Renate"]
[Result "1-0"]
[WhiteElo "1443"]
[BlackElo "935"]
[PlyCount "87"]
[EventDate "2016.??.??"]

1. e4 e6 2. Nf3 d5 3. e5 c5 4. b4 cxb4 5. d4 Nc6 6. a3 Nge7 7. Bb5 Qb6 8. Ba4
Nf5 9. axb4 Bxb4+ 10. c3 Be7 11. Nbd2 O-O 12. O-O Qc7 13. Bc2 f6 14. Re1 b6 15.
Nb3 a5 16. Qd3 Ba6 17. Qd1 Na7 18. g4 Qxc3 19. Bd2 Qc8 20. gxf5 exf5 21. Nh4 g6
22. Bh6 Rf7 23. e6 Rg7 24. Bxg7 Kxg7 25. Bxf5 gxf5 26. Nxf5+ Kh8 27. Nxe7 Qe8
28. Nf5 Qg6+ 29. Ng3 Re8 30. Qh5 Nc6 31. Qxg6 hxg6 32. h4 Ne7 33. f4 f5 34. Nd2
Kg7 35. Nf3 Rc8 36. Rac1 Rh8 37. Rc7 Kf6 38. Rb1 Rb8 39. Ng5 Bd3 40. Rbc1 Bc4
41. Nh7+ Kxe6 42. Re1+ Kf7 43. Rexe7+ Kg8 44. Nf6+ 1-0

[Event "Mechanics' Winter TNM; G/2"]
[Site "San Francisco"]
[Date "2016.01.19"]
[Round "3.12"]
[White "Alzhin, Leonid"]
[Black "Askin, Michael Christopher"]
[Result "0-1"]
[WhiteElo "1782"]
[BlackElo "2053"]
[PlyCount "120"]
[EventDate "2016.??.??"]

1. d4 d5 2. Nf3 Nf6 3. c4 c6 4. Nc3 e6 5. Bg5 h6 6. Bh4 dxc4 7. e4 g5 8. Bg3 b5
9. a3 Bb7 10. Be2 Bg7 11. O-O O-O 12. e5 Nd5 13. Ne4 Nd7 14. Nd6 Qb6 15. a4 a6
16. a5 Qa7 17. h4 g4 18. Ne1 h5 19. Nc2 c5 20. Kh1 cxd4 21. Qxd4 Qxd4 22. Nxd4
Rab8 23. f4 Ne3 24. Rf2 Nc5 25. Nxb7 Rxb7 26. Ra3 Nf5 27. Nxf5 exf5 28. Rf1 Rd8
29. Bf2 Ne4 30. Be1 Bf8 31. Ra1 Bc5 32. Kh2 Rbd7 33. Ra2 Be3 34. Ra3 Bd2 35.
Bg3 Bb4 36. Raa1 Nxg3 37. Kxg3 Rd2 38. Rfd1 Rxd1 39. Rxd1 Rxd1 40. Bxd1 Be1+
41. Kh2 Kg7 42. b3 cxb3 43. Bxb3 Bxa5 44. e6 fxe6 45. Bxe6 Be1 46. Bxf5 a5 47.
g3 Kf6 48. Bd7 b4 49. Ba4 Ke6 50. Kg2 Kd5 51. Be8 Kd4 52. Bxh5 b3 53. Bxg4 a4
54. h5 a3 55. h6 Ke3 56. h7 Bc3 57. Be6 a2 58. Bxb3 a1=Q 59. Bg8 Qa8+ 60. Kh3
Qf3 0-1

[Event "Mechanics' Summer TNM; G/2"]
[Site "San Francisco"]
[Date "2016.05.24"]
[Round "1.20"]
[White "Anderson, Michael"]
[Black "Capdeville, Barry"]
[Result "1-0"]
[WhiteElo "1937"]
[BlackElo "1248"]
[PlyCount "65"]
[EventDate "2016.??.??"]

1. e4 e5 2. Nf3 d6 3. d4 exd4 4. Nxd4 Nf6 5. Bd3 Be7 6. O-O O-O 7. Nc3 c6 8. h3
Nbd7 9. Nf5 Ne5 10. Nxe7+ Qxe7 11. Be2 Be6 12. f4 Ned7 13. f5 Bxf5 14. exf5 Ne4
15. Nxe4 Qxe4 16. Qd3 Qxd3 17. Bxd3 f6 18. Bf4 Ne5 19. Rad1 Nxd3 20. Rxd3 d5
21. Re1 Rae8 22. Rxe8 Rxe8 23. Re3 Rxe3 24. Bxe3 b6 25. b4 Kf7 26. Kf2 g5 27.
g4 Ke7 28. Ke2 Kd6 29. Bd4 Ke7 30. Kd3 Kf7 31. c4 Ke7 32. cxd5 cxd5 33. Bb2 1-0

[Event "Mechanics' Spring TNM; G/2"]
[Site "San Francisco"]
[Date "2016.03.29"]
[Round "3.1"]
[White "Anderson, Michael"]
[Black "Critelli, James Ma"]
[Result "0-1"]
[WhiteElo "1962"]
[BlackElo "2366"]
[PlyCount "42"]
[EventDate "2016.??.??"]

1. e4 c5 2. d4 cxd4 3. c3 dxc3 4. Nxc3 Nc6 5. Nf3 e6 6. Bc4 Bb4 7. O-O Nge7 8.
Bg5 Bxc3 9. bxc3 Qc7 10. Rc1 Ng6 11. Nd4 a6 12. f4 h6 13. Bh4 Nxh4 14. f5 d5
15. fxe6 dxc4 16. exf7+ Kf8 17. Qh5 Nxg2 18. Qc5+ Qe7 19. Qxe7+ Kxe7 20. Nxc6+
bxc6 21. Kxg2 Rf8 {White's flag fell in a lost position.} 0-1

[Event "Mechanics' Spring TNM; G/2"]
[Site "San Francisco"]
[Date "2016.03.15"]
[Round "1.17"]
[White "Anderson, Michael"]
[Black "Ebert, John"]
[Result "1-0"]
[WhiteElo "1962"]
[BlackElo "1770"]
[PlyCount "75"]
[EventDate "2016.??.??"]

1. e4 e6 2. d4 d5 3. Nc3 Bb4 4. e5 b6 5. Qg4 Bf8 6. Bg5 Qd7 7. Bd3 Ba6 8. Rd1
Bxd3 9. Rxd3 Nc6 10. Nge2 h6 11. Rh3 f6 12. exf6 Nxf6 13. Bxf6 gxf6 14. Re3
O-O-O 15. Qxe6 Bg7 16. O-O f5 17. Rd1 Kb7 18. a3 Rhf8 19. Rdd3 Na5 20. b3 c6
21. Nf4 Rf6 22. Qxd7+ Rxd7 23. Nh5 Rg6 24. Nxg7 Rdxg7 25. Rg3 Kc7 26. Rdf3 Re7
27. Kf1 Rf6 28. Re3 Kd7 29. Rxe7+ Kxe7 30. Rg7+ Rf7 31. Rg8 Rf8 32. Rxf8 Kxf8
33. Ke2 Nb7 34. Kf3 Kf7 35. Kf4 Kf6 36. f3 h5 37. Nd1 Nd6 38. h4 {
and White went on to win. Remaining moves unavailable.} 1-0

[Event "Mechanics' Alan Benson TNM; G/2"]
[Site "San Francisco"]
[Date "2016.08.09"]
[Round "2.15"]
[White "Anderson, Michael"]
[Black "Erdenebileg, Enkhjin"]
[Result "1-0"]
[WhiteElo "1958"]
[BlackElo "1160"]
[Annotator "Winslow"]
[PlyCount "105"]
[EventDate "2016.??.??"]

1. e4 e5 2. Nf3 Nc6 3. d4 exd4 4. Nxd4 Nxd4 5. Qxd4 d6 6. Bc4 Qf6 7. Be3 Be6 8.
Na3 Bxc4 9. Nxc4 Qxd4 10. Bxd4 Ne7 11. O-O-O Nc6 12. Bc3 O-O-O 13. Rd5 Be7 14.
Rhd1 b6 15. b4 Bf6 16. Bxf6 gxf6 17. c3 Ne7 18. Rh5 Rdg8 19. g3 Rg5 20. Rh3 h5
21. f4 Rg4 22. Ne3 Rgg8 23. Nd5 Nxd5 24. Rxd5 Re8 25. Rdxh5 Rxh5 26. Rxh5 Rxe4
27. Kd2 Kd7 28. Rh8 Re8 $2 {
(There is *some* truth to the "All rook endings are drawn"...)} 29. Rxe8 Kxe8
30. b5 $1 {(Lots of tempos (a3 a4) later on)} f5 31. Kd3 Kd7 32. Kd4 c6 33. c4
cxb5 34. cxb5 Ke6 35. a3 f6 36. a4 d5 37. h4 Kf7 38. Kxd5 Kg6 39. Ke6 Kh5 40.
Kxf5 Kh6 41. Kxf6 Kh5 42. Kf5 Kh6 43. Ke6 Kh5 44. f5 Kh6 45. f6 Kh5 46. f7 Kg4
47. f8=Q Kxg3 48. h5 Kg4 49. h6 Kg5 50. h7 Kg6 51. h8=Q Kg5 52. Qhg7+ Kh5 53.
Qfh8# 1-0

[Event "Mechanics' Summer TNM; G/2"]
[Site "San Francisco"]
[Date "2016.06.28"]
[Round "6.8"]
[White "Anderson, Michael"]
[Black "Gaffagan, Steven"]
[Result "0-1"]
[WhiteElo "1937"]
[BlackElo "2073"]
[Annotator "Donaldson"]
[PlyCount "32"]
[EventDate "2016.??.??"]

1. e4 c5 2. d4 cxd4 3. c3 dxc3 4. Nxc3 Nc6 5. Nf3 d6 6. Bc4 a6 7. O-O Nf6 8.
Qe2 (8. Bg5) 8... Bg4 9. Rd1 e6 10. Bf4 Qb8 11. h3 Bxf3 12. gxf3 $6 (12. Qxf3
Be7 13. Qg3 Nh5 14. Bxd6 Nxg3 15. Bxb8 Rxb8 16. fxg3 $17) 12... Be7 13. Bh2 O-O
14. f4 b5 15. Bd5 exd5 16. exd5 (16. exd5 Na5 17. Qxe7 Re8 $19) 16... Na5 0-1

[Event "Mechanics' Winter TNM; G/2"]
[Site "San Francisco"]
[Date "2016.01.26"]
[Round "4.14"]
[White "Anderson, Michael"]
[Black "Kim, Isaiah Taeshi"]
[Result "1-0"]
[WhiteElo "1946"]
[BlackElo "1639"]
[Annotator "Donaldson"]
[PlyCount "47"]
[EventDate "2016.??.??"]

1. e4 c6 2. d4 d5 3. exd5 cxd5 4. Bd3 Nf6 5. c3 Bg4 6. Qb3 Qd7 7. Nd2 e6 8.
Ngf3 Bd6 9. Ne5 Qc7 10. Nxg4 Nxg4 11. h3 Nf6 12. Nf3 Nbd7 13. O-O O-O 14. Qc2
a6 15. Bg5 b5 16. Ne5 h6 17. Nxd7 Nxd7 18. Bd2 Rac8 19. Rae1 b4 20. f4 bxc3 21.
bxc3 Bb4 22. Rc1 Ba3 23. Rb1 Nb6 $4 {Diagram #} (23... Bd6) 24. Qb3 $1 1-0

[Event "Mechanics' Winter TNM; G/2"]
[Site "San Francisco"]
[Date "2016.02.09"]
[Round "6.14"]
[White "Anderson, Michael"]
[Black "McKellar, Daniel"]
[Result "1-0"]
[WhiteElo "1946"]
[BlackElo "1616"]
[PlyCount "103"]
[EventDate "2016.??.??"]

1. e4 e6 2. d4 d5 3. Nc3 dxe4 4. Nxe4 Bd7 5. Nf3 Bc6 6. Bd3 Nd7 7. c3 Ngf6 8.
Ng3 Be7 9. O-O Bxf3 10. Qxf3 c6 11. Re1 O-O 12. a4 a5 13. Bd2 Qb6 14. Rab1 Rfe8
15. Ne4 Nxe4 16. Rxe4 Qb3 17. Qh3 f5 18. Re2 Nf6 19. Bg5 Nd5 20. Qh4 Bxg5 21.
Qxg5 Nb4 22. Re3 Nxd3 23. Rxd3 Qxa4 24. Rg3 g6 25. h4 Qc2 26. Re1 f4 27. Qxf4
Rf8 28. Qe3 Rae8 29. Re2 Qf5 30. Rg5 Qb1+ 31. Kh2 Rf5 32. g4 Rxg5 33. hxg5 Qa2
34. f4 Qd5 35. Rf2 Rf8 36. Kg3 b5 37. Re2 Re8 38. Qf2 Qd6 39. Re5 Kf7 40. Kh4
Kg7 41. f5 Kg8 42. fxg6 Rf8 43. gxh7+ Kxh7 44. Qe3 Kg7 45. Qe4 Rh8+ 46. Kg3 Rf8
47. Kg2 Re8 48. g6 a4 49. Rh5 Rf8 50. Rh7+ Kf6 51. g5+ Kxg5 52. g7 1-0

[Event "Mechanics' Alan Benson TNM; G/2"]
[Site "San Francisco"]
[Date "2016.08.23"]
[Round "4.5"]
[White "Anderson, Michael"]
[Black "Pryor, Jamieson"]
[Result "0-1"]
[WhiteElo "1958"]
[BlackElo "2032"]
[PlyCount "84"]
[EventDate "2016.??.??"]

1. e4 c5 2. d4 cxd4 3. c3 Nf6 4. e5 Nd5 5. Qxd4 e6 6. Nf3 Nc6 7. Qe4 d6 8. Bb5
Bd7 9. c4 Nb6 10. Nc3 a6 11. Bg5 Qc7 12. exd6 Bxd6 13. O-O-O Bb4 14. Bf4 Qc8
15. Qe3 axb5 16. Qxb6 Bxc3 17. bxc3 bxc4 18. Rd2 Ne7 19. Be3 Qc6 20. Qxc6 Bxc6
21. Ne5 Bxg2 22. Rg1 Bd5 23. Rxg7 Nf5 24. Nxf7 Nxg7 25. Nxh8 O-O-O 26. Bd4 Rxh8
27. Bxg7 Rg8 28. Be5 Be4 29. h4 Bd3 30. Bg3 Kd7 31. Rb2 Kc6 32. Kd2 Rg4 33. Ke3
Re4+ 34. Kf3 Re1 35. Kf4 Rc1 36. Ke5 Rxc3 37. Kxe6 Ra3 38. Bf4 c3 39. Rb3 Bc4+
40. Ke5 Bxb3 41. axb3 Rxb3 42. Kd4 c2 0-1

[Event "Mechanics' Spring TNM; G/2"]
[Site "San Francisco"]
[Date "2016.04.12"]
[Round "5.17"]
[White "Anderson, Michael"]
[Black "Rakonitz, David"]
[Result "1-0"]
[WhiteElo "1962"]
[BlackElo "1660"]
[Annotator "Winslow"]
[PlyCount "71"]
[EventDate "2016.??.??"]

1. e4 e6 2. d4 d5 3. e5 c5 4. Nf3 cxd4 5. Bd3 Nc6 6. O-O Bc5 7. Nbd2 Qc7 8. Nb3
Bb6 9. Bf4 Nge7 10. Nbxd4 $4 a6 $4 (10... Bxd4 $19) 11. Nxc6 bxc6 12. c4 Bb7
13. b4 Ng6 14. Bg3 Qe7 15. c5 Bc7 16. Qe2 O-O 17. Rfe1 Rfb8 18. h4 Nf8 19. h5
h6 20. Bh4 Qd7 21. Nh2 Bc8 22. Qg4 Bd8 23. Bf6 g6 24. hxg6 Bxf6 25. gxf7+ Kxf7
26. Qh5+ Ke7 27. exf6+ Kd8 28. Qxh6 Qe8 29. Rab1 a5 30. Nf3 Rxb4 31. Ne5 Bd7
32. a3 Rxb1 33. Rxb1 Kc8 34. g4 Rb8 35. Rxb8+ Kxb8 36. Qxf8 1-0

[Event "Mechanics' Winter TNM; G/2"]
[Site "San Francisco"]
[Date "2016.02.16"]
[Round "7.12"]
[White "Anderson, Michael"]
[Black "Tungkitkancharoen, Songtham"]
[Result "1-0"]
[WhiteElo "1946"]
[BlackElo "1380"]
[PlyCount "71"]
[EventDate "2016.??.??"]

1. e4 d5 2. exd5 Nf6 3. d4 Nxd5 4. c4 Nb6 5. Nc3 g6 6. Nf3 Bg4 7. d5 Bg7 8. h3
Bf5 9. g4 Bd7 10. c5 Nc8 11. Bg2 c6 12. O-O cxd5 13. Nxd5 O-O 14. Bf4 Na6 15.
Ne5 Nxc5 16. Rc1 Bxe5 17. Bxe5 Ne6 18. Nc7 Nd6 19. Nxa8 Qxa8 20. Bxd6 exd6 21.
Qxd6 Rd8 22. Qb4 Rb8 23. f4 a5 24. Qb6 Bc6 25. f5 Nd8 26. Rfe1 Bxg2 27. Re8+
Kg7 28. f6+ Kh6 29. Kxg2 Ne6 30. Qe3+ g5 31. Rxe6 fxe6 32. f7 b5+ 33. Kh2 Qa6
34. h4 Kg7 35. Rf1 Rf8 36. Qxg5+ 1-0

[Event "Mechanics' Winter TNM; G/2"]
[Site "San Francisco"]
[Date "2016.01.12"]
[Round "2.17"]
[White "Anderson, Michael"]
[Black "Yamamoto, Craig"]
[Result "0-1"]
[WhiteElo "1946"]
[BlackElo "1677"]
[Annotator "Donaldson"]
[PlyCount "112"]
[EventDate "2016.??.??"]

1. e4 c5 2. d4 e6 3. d5 exd5 4. exd5 d6 5. c4 g6 6. Bd3 Bg7 7. Ne2 Ne7 8. Ng3
Nd7 9. Nd2 Ne5 10. Bc2 f5 11. f4 Ng4 12. Nf3 O-O 13. O-O Rb8 14. h3 Nf6 15. Rb1
b5 16. b3 Kh8 17. Re1 Bd7 18. Ng5 bxc4 19. bxc4 Rxb1 20. Bxb1 Nc8 21. Bd3 Kg8
22. Ne6 Bxe6 23. Rxe6 Nb6 24. Bd2 Qd7 25. Qe2 Kf7 26. Bc3 Re8 27. Rxe8 Qxe8 28.
Qxe8+ Nxe8 29. Bxg7 Kxg7 30. Kf2 Kf6 31. Nf1 h6 32. Ne3 Ng7 33. Kf3 h5 34. h4
Ne8 35. Ke2 Nc7 36. Kd2 Na6 37. a3 Nc7 38. Kc3 Ne8 39. Bc2 Nc7 40. Nd1 Ncxd5+
$5 41. cxd5 Nxd5+ 42. Kc4 Nxf4 43. Ne3 Ke5 44. Bd1 $2 (44. Bb1) 44... Ke4 45.
Nd5 Nxg2 46. Nc3+ Ke5 47. Bf3 Nxh4 48. Bh1 f4 49. Nb5 f3 50. Kd3 a6 51. Nc7 a5
52. Nb5 d5 53. Nc3 c4+ 54. Kd2 d4 55. Nd1 Ng2 56. Nf2 Kf4 0-1

[Event "Mechanics' Spring TNM; G/2"]
[Site "San Francisco"]
[Date "2016.04.12"]
[Round "5.9"]
[White "Andries, W Craig"]
[Black "Askin, Michael Chr"]
[Result "0-1"]
[WhiteElo "1862"]
[BlackElo "1984"]
[PlyCount "104"]
[EventDate "2016.??.??"]

1. e4 c5 2. Nc3 a6 3. f4 b5 4. g3 Bb7 5. Bg2 e6 6. Qe2 Nc6 7. d3 Nd4 8. Qf2 Nf6
9. Bh3 b4 10. Nd1 Nxe4 11. dxe4 Bxe4 12. Ne3 Bxh1 13. Bg2 Bxg2 14. Qxg2 Be7 15.
Bd2 O-O 16. Nh3 Qc7 17. c3 Nb5 18. Rc1 bxc3 19. bxc3 Rac8 20. g4 Qc6 21. Qg3 d5
22. Nc2 d4 23. Nf2 Nxc3 24. Bxc3 dxc3 25. g5 Qa4 26. Ne3 Qxa2 27. Rxc3 Qa1+ 28.
Nfd1 f5 29. Nc2 Qa4 30. Nde3 Qc6 31. Ke2 e5 32. h4 exf4 33. Qxf4 Bd6 34. Qc4+
Kh8 35. Rd3 Rce8 36. Kf2 Re4 37. Qd5 Qxd5 38. Rxd5 f4 39. Nf5 Bb8 40. Nd6 Bxd6
41. Rxd6 Ra8 42. Rc6 Rc4 43. Ne1 a5 44. Nf3 Rc2+ 45. Ke1 a4 46. Nd4 Rc4 47. Nb5
Kg8 48. Nd6 Rd4 49. Nf5 Rd7 50. Rxc5 a3 51. Rc1 a2 52. Ra1 Rb7 0-1

[Event "Mechanics' Summer TNM; G/2"]
[Site "San Francisco"]
[Date "2016.07.05"]
[Round "7.12"]
[White "Andries, W Craig"]
[Black "Bayaraa, Chinguun"]
[Result "0-1"]
[WhiteElo "1862"]
[BlackElo "1949"]
[Annotator "Donaldson"]
[PlyCount "80"]
[EventDate "2016.??.??"]

1. Nf3 d5 2. d3 c5 3. g3 Nf6 4. Bg2 g6 5. O-O Bg7 6. c3 O-O 7. Nbd2 Nc6 8. Nb3
b6 9. d4 c4 10. Nbd2 b5 11. Re1 Bb7 12. e4 dxe4 13. Nxe4 Nxe4 14. Rxe4 Nb4 $1
15. Re2 Nd3 16. Be3 Qc7 17. Ne1 Bxg2 18. Kxg2 Nxe1+ 19. Qxe1 Qb7+ 20. f3 Rfe8
21. Rd1 Rad8 22. Kf2 a5 23. a3 Qd7 24. d5 Qh3 25. Kg1 Qf5 26. Kg2 $2 (26. Bb6)
26... Rxd5 27. Rxd5 Qxd5 28. Rd2 Qc6 29. Qd1 h5 30. Rd5 e5 31. Rc5 Qb7 32. Rd5
e4 33. f4 b4 34. axb4 axb4 35. Rd7 Qb5 36. Rd5 Qb8 37. Rd7 bxc3 38. bxc3 Qb2+
39. Kh3 Qxc3 40. Qd5 Qf6 {
Black went on to win. Remaining moves are unavailable.} 0-1

[Event "Mechanics' Summer TNM; G/2"]
[Site "San Francisco"]
[Date "2016.05.31"]
[Round "2.5"]
[White "Andries, W Craig"]
[Black "Byambaa, Uyanga"]
[Result "0-1"]
[WhiteElo "1862"]
[BlackElo "2210"]
[PlyCount "74"]
[EventDate "2016.??.??"]

1. Nf3 Nf6 2. g3 g6 3. Bg2 Bg7 4. d3 O-O 5. e4 d6 6. O-O c5 7. c3 Nc6 8. h3 Rb8
9. Be3 b5 10. a3 a5 11. Nbd2 Qc7 12. d4 Nd7 13. Rc1 a4 14. Re1 Na5 15. Bf1 Nb6
16. Kh2 Bd7 17. Ng1 Nbc4 18. Nxc4 bxc4 19. Rc2 cxd4 20. Bxd4 e5 21. Be3 Be6 22.
Nf3 Rfd8 23. Ng5 Bd7 24. h4 h6 25. Nh3 Be6 26. Qe2 Nb3 27. Bg2 d5 28. exd5 Bf5
29. Rd2 Nxd2 30. Bxd2 Rxb2 31. Qe3 Qd7 32. Bc1 Rc2 33. Ng1 e4 34. Rd1 Rxc3 35.
Qf4 Rd3 36. Re1 Qxd5 37. g4 Be5 0-1

[Event "Mechanics' Spring TNM; G/2"]
[Site "San Francisco"]
[Date "2016.03.29"]
[Round "3.21"]
[White "Andries, W Craig"]
[Black "Casares Jr, Nick"]
[Result "1-0"]
[WhiteElo "1862"]
[BlackElo "1604"]
[PlyCount "71"]
[EventDate "2016.??.??"]

1. g3 e5 2. Bg2 d5 3. d3 h6 4. Nf3 Nc6 5. O-O Nf6 6. c3 a5 7. a4 Be6 8. h3 Qd7
9. Kh2 Bd6 10. Qc2 O-O 11. e4 Rae8 12. Na3 Bxa3 13. Rxa3 d4 14. c4 Qe7 15. Bd2
Bc8 16. Ne1 Nb4 17. Qd1 c5 18. Nc2 Nc6 19. b3 b6 20. Ra1 Kh7 21. Qe2 Kg8 22. f3
Nd7 23. f4 Nf6 24. f5 Kh7 25. g4 g5 26. Bf3 Rg8 27. Kg2 Kg7 28. Rh1 Rh8 29. h4
Reg8 30. hxg5 hxg5 31. Bxg5 Kf8 32. Rxh8 Rxh8 33. Rh1 Rxh1 34. Kxh1 Kg7 35. Qg2
Qf8 36. Qh2 1-0

[Event "Mechanics' Alan Benson TNM; G/2"]
[Site "San Francisco"]
[Date "2016.09.06"]
[Round "6.25"]
[White "Andries, W Craig"]
[Black "Donaldson, Kyle Ga"]
[Result "1-0"]
[WhiteElo "1877"]
[BlackElo "1453"]
[PlyCount "91"]
[EventDate "2016.??.??"]

1. Nf3 d5 2. g3 Nf6 3. Bg2 c5 4. d3 Nc6 5. Nbd2 e5 6. O-O Bf5 7. c3 Be7 8. Nh4
Be6 9. a3 O-O 10. Nhf3 Qd7 11. b4 a6 12. Bb2 Bh3 13. Rc1 Bxg2 14. Kxg2 Rae8 15.
e4 dxe4 16. dxe4 Qg4 17. h3 Qg6 18. Qe2 Nh5 19. Kh2 f5 $2 20. Rce1 fxe4 21.
Nxe4 Qf5 22. Nfd2 cxb4 23. axb4 Rf7 24. Bc1 Bd8 $4 25. Nd6 Nf4 26. gxf4 Qxf4+
27. Kh1 Re6 28. N2e4 Qh4 29. Qg4 Qxg4 30. hxg4 Rf3 31. Kg2 Rd3 32. Rd1 Rxd1 33.
Rxd1 Rg6 34. f3 Ne7 35. Nxb7 Bb6 36. Bg5 Nc6 37. Rd6 Na7 38. Bd8 Be3 39. Rd3
Bc1 40. Bc7 Nc6 41. Nbc5 h5 42. Rd6 Ne7 43. Rxg6 Nxg6 44. gxh5 Nf4+ 45. Kf2
Nxh5 46. Nxa6 1-0

[Event "Mechanics' Alan Benson TNM; G/2"]
[Site "San Francisco"]
[Date "2016.09.20"]
[Round "8.23"]
[White "Andries, W Craig"]
[Black "Eastham, Asher Dan"]
[Result "1-0"]
[WhiteElo "1877"]
[BlackElo "1568"]
[Annotator "Donaldson"]
[PlyCount "53"]
[EventDate "2016.??.??"]

1. d4 d5 2. f4 Nf6 3. Nf3 Bf5 4. e3 e6 5. Bd3 Bg6 6. O-O Be7 7. Ng5 Bh5 8. Qe1
c5 9. f5 h6 10. Nh3 c4 11. Be2 exf5 12. Bxh5 Nxh5 13. Rxf5 Nf6 14. Nf2 Qd7 15.
Rf3 Nc6 16. c3 O-O 17. Nd2 Rfe8 18. Nf1 Bd6 19. Ng3 Bxg3 20. Rxg3 Re6 (20...
Ne7 $17 {intending ...Nf5-d6-e4.}) 21. Bd2 b5 (21... Ne7) 22. Qf1 Na5 23. Re1
Ne4 24. Nxe4 Rxe4 25. Qf6 Rg4 $2 (25... g6 $11) 26. Rxg4 Qxg4 {Diagram [#]} 27.
Qa6 $1 1-0

[Event "Mechanics' Fall TNM; G/2"]
[Site "San Francisco"]
[Date "2016.11.29"]
[Round "7.13"]
[White "Andries, W Craig"]
[Black "Manvelyan, Hovik"]
[Result "1/2-1/2"]
[WhiteElo "1877"]
[BlackElo "2007"]
[Annotator "Donaldson"]
[PlyCount "72"]
[EventDate "2016.??.??"]

1. e4 e6 2. d3 c5 3. g3 Nc6 4. Bg2 d6 5. Nf3 Nge7 6. Nbd2 g6 7. a4 Bg7 8. O-O
O-O 9. c3 Qc7 10. Nh4 Bd7 11. f4 a6 12. Nc4 b5 13. Ne3 f5 14. axb5 axb5 15.
Rxa8 Rxa8 16. exf5 Nxf5 17. Nhxf5 gxf5 18. g4 fxg4 19. Qxg4 Rf8 20. Qd1 Ne7 21.
Qg4 Rf6 22. Bd2 Bc6 23. Be1 Rg6 24. Qh3 Nf5 25. Rf2 Nxe3 26. Qxe3 Qb7 27. Qe2
Bh6 28. Bd2 Kg7 29. Kf1 Bxg2+ 30. Rxg2 Qxg2+ 31. Qxg2 Rxg2 32. Kxg2 Kf6 33. Kf3
Kf5 34. Be3 c4 35. d4 d5 (35... Bg7 {intending ...e5 was more challenging.})
36. h3 Bf8 1/2-1/2

[Event "Mechanics' Alan Benson TNM; G/2"]
[Site "San Francisco"]
[Date "2016.08.02"]
[Round "1.28"]
[White "Andries, W Craig"]
[Black "Nassif, Wassim"]
[Result "1-0"]
[WhiteElo "1877"]
[BlackElo "1177"]
[PlyCount "89"]
[EventDate "2016.??.??"]

1. e4 e5 2. Nf3 Nc6 3. d3 Nf6 4. Nbd2 Bc5 5. h3 O-O 6. g3 d6 7. Bg2 a6 8. O-O
b5 9. c3 Bb6 10. Kh2 Be6 11. Ng5 Qd7 12. Nxe6 Qxe6 13. f4 Rab8 14. f5 Qd7 15.
g4 h6 16. Nf3 Nh7 17. Qe2 f6 18. Nh4 Rf7 19. Ng6 Nf8 20. Nh4 Ne7 21. Qc2 c6 22.
a4 d5 23. axb5 axb5 24. Nf3 Qd6 25. Kh1 c5 26. h4 d4 27. g5 g6 28. gxf6 Rxf6
29. Bxh6 gxf5 30. Bg5 Rg6 31. cxd4 cxd4 32. Qb3+ Qe6 33. Qxe6+ Rxe6 34. Bh3 Nc6
35. Bxf5 Ree8 36. Rg1 Kf7 37. Bd2 Ne7 38. Ng5+ Kf6 39. Raf1 Nxf5 40. Rxf5+ Ke7
41. Rxe5+ Kd8 42. Rxb5 Ng6 43. Nf7+ Ke7 44. Rxg6 Kxf7 45. Rgxb6 1-0